000 01384nam a2200337 i 4500
003 EG-GICUC
005 20260121101733.0
008 260118s1978 ua ||||fr|||| 00| 0 ara d
017 _a1978/3208
040 _a EG-GICUC
_bara
_c EG-GICUC
_d EG-GICUC
_erda
041 1 _aara
082 0 4 _221
_a345.124
_bأ ن . ت
092 0 4 _221
099 _aLaw1 07 345.124 أ ن . ت 1978
100 0 _aانور عبد الخالق
_eمؤلف.
245 1 0 _aتطور نظام موازنة التخطيط و البرامج خلال الفترة 1961/ 1973 /
_cأعداد و عرض أنور عبد الخالق
264 1 _aالقاهرة:
_bالمنظمة العربية للعلوم الإدارية ،
_c1978.
300 _a62؛صفحة
_c24 سم
336 _2rda content
_atext
337 _2rda media
_aComputer
338 _2rda carrier
_aOnline Resource
490 _3سلسلة الفكر الاداري المعاصر
_v22
504 _aيشتمل على إرجاعات ببليوجرافية.
546 _aالنص أغلبه باللغة العربية بعض النصوص الإنجليزية والفرنسية
650 1 _aالقانون الإداري
_2qrmak
650 1 _aقابلية القانون الإداري للتطور
651 1 _2qrmak
856 4 0 _uhttps://fll.law.cu.edu.eg/fulltext/bks/B07-00057.pdf
905 _a74
942 _2ddc
_n0
_cBK
_e21
999 _c57378
_d57378